Statistiques concernant Devinez le Pays Mystère #26

Cliquez ici pour prendre le quiz!

Statistiques générales

  • Ce quiz a été pris 508 fois
  • Le résultat moyen est 12 sur 15

Statistiques - réponses

Type de RéponseRéponse% Correct
Lettre TrouvéeÉ
100%
Lettre Bien PlacéeE
98%
Lettre TrouvéeI
96%
Lettre TrouvéeE
94%
Lettre Bien PlacéeI
90%
Lettre TrouvéeR
90%
Lettre TrouvéeG
89%
Lettre TrouvéeO
85%
Lettre Bien PlacéeG
82%
Lettre Bien PlacéeÉ
76%
Lettre Bien PlacéeO
70%
Lettre Bien PlacéeR
69%
Lettre Bien PlacéeG
68%
Lettre TrouvéeG
68%
Pays MystèreGéorgie
68%

Distribution des résultats

Percentile par nombre de réponses

% des personnes avec chaque résultat

Votre développement - résultats

Vous n’avez pas pris ce quiz